ASME 2017 Nuclear Forum collocated with the ASME 2017 Power Conference Joint With ICOPE-17, the ASME 2017 11th International Conference on Energy Sustainability, and the ASME 2017 15th International Conference on Fuel Cell Science, Engineering and Technology

Manylion Llyfryddiaeth
Fformat: Electronig Cylchgrawn
Iaith:English
Cyhoeddwyd: ASME
Mynediad Ar-lein:Full text available on ASME[2017-2017]
Off-campus access
LEADER 01155cas a2200181 a 4500
001 AALConferenceProceedingsASME000795
008 230101c9999 xx r poo 0 0eng d
020 |a 978-0-7918-4059-7 
040 |a BD-DhAAL  |c BD-DhAAL 
245 0 0 |h [electronic resource]  |a ASME 2017 Nuclear Forum collocated with the ASME 2017 Power Conference Joint With ICOPE-17, the ASME 2017 11th International Conference on Energy Sustainability, and the ASME 2017 15th International Conference on Fuel Cell Science, Engineering and Technology 
260 |b ASME 
300 |a 1 online resource 
500 |a <strong>Off-Campus Access:</strong> Athens ID and Password Required 
500 |a <strong>On-Campus Access:</strong> No User ID or Password Required 
506 |a Electronic access restricted to authorized BRAC University faculty, staff and students 
538 |a Mode of access: Internet 
856 4 0 |z Full text available on ASME[2017-2017]  |u https://asmedigitalcollection.asme.org/ICONE/NUCLRF2017/volume/40597 
856 4 0 |z Off-campus access  |u https://go.openathens.net/redirector/bracu.ac.bd?url=https%3A%2F%2Fasmedigitalcollection.asme.org%2FICONE%2FNUCLRF2017%2Fvolume%2F40597